000 01401cam a2200385 a 4500
001 14379989
003 OSt
005 20140310184351.0
008 060517s2006 nyua c 000 1 eng
010 _a 2006006015
020 _a0439833094
040 _aDLC
_cDLC
_dDLC
041 1 _aeng
_hger
042 _alcac
050 0 0 _aPZ 7
_b.F96624Gg 2006
100 1 _aFunke, Cornelia Caroline.
_917287
245 1 0 _aGhosthunters and the gruesome invincible lightning ghost! /
_cCornelia Funke.
246 3 0 _aGruesome Invincible Lightning Ghost!
250 _a1st American ed.
260 _aNew York, NY :
_bScholastic Inc.,
_c2006
300 _a131 p. :
_bill. ;
_c20 cm.
490 0 _aGhosthunters ;
_v2
520 _aHetty Hyssop and her assistant ghosthunters travel to a seaside hotel to investigate the appearance of one of the most dangerous ghosts in the world.
521 _aG8
526 _c950
650 1 _aGhosts
_vFiction.
_925146
650 1 _aFire
_vFiction.
_925147
650 1 _aHotels, motels, etc.
_vFiction.
_925148
856 4 2 _3Publisher description
_uhttp://www.loc.gov/catdir/enhancements/fy1116/2006006015-d.html
906 _a7
_bcbc
_corignew
_d1
_eecip
_f20
_gy-gencatlg
942 _2lcc
_cBK-SCHOLAS
999 _c33946
_d33946